[Event "BL 0708 Solinger SG - SC Remagen"]
[Site "?"]
[Date "2008.04.06"]
[Round "13.1"]
[White "Fedorchuk, Sergey"]
[Black "Nikolic, Predrag"]
[Result "1/2-1/2"]
[WhiteElo "2645"]
[BlackElo "2657"]
[PlyCount "35"]
[EventDate "2008.??.??"]

1. e4 e5 2. Nf3 Nc6 3. Bb5 a6 4. Ba4 Nf6 5. O-O Be7 6. Re1 b5 7. Bb3 d6 8. c3
O-O 9. h3 Re8 10. Ng5 Rf8 11. Nf3 Re8 12. d4 Bb7 13. Nbd2 Bf8 14. d5 Nb8 15.
Nf1 Nbd7 16. N3h2 Nc5 17. Bc2 a5 18. Qf3 1/2-1/2

[Event "BL 0708 Solinger SG - SC Remagen"]
[Site "?"]
[Date "2008.04.06"]
[Round "13.2"]
[White "Jussupow, Artur"]
[Black "Goloshchapov, Alexander"]
[Result "1/2-1/2"]
[WhiteElo "2583"]
[BlackElo "2563"]
[PlyCount "38"]
[EventDate "2008.??.??"]

1. d4 d5 2. c4 e6 3. Nf3 Nf6 4. Nc3 Be7 5. Bg5 O-O 6. Rc1 c6 7. e3 Nbd7 8. Bd3
dxc4 9. Bxc4 b5 10. Bd3 Bb7 11. O-O a6 12. Ne4 Nxe4 13. Bxe7 Qxe7 14. Bxe4 Rac8
15. a4 Nf6 16. Nd2 e5 17. dxe5 Qxe5 18. Bf3 Qxb2 19. Nb3 Ba8 1/2-1/2

[Event "BL 0708 Solinger SG - SC Remagen"]
[Site "?"]
[Date "2008.04.06"]
[Round "13.3"]
[White "Degraeve, Jean-Marc"]
[Black "Sandipan, Chanda"]
[Result "0-1"]
[WhiteElo "2546"]
[BlackElo "2593"]
[PlyCount "69"]
[EventDate "2008.??.??"]

1. e4 c5 2. Nf3 d6 3. d4 cxd4 4. Nxd4 Nf6 5. Nc3 a6 6. Bc4 e6 7. Bb3 Nc6 8. Be3
Be7 9. Qe2 O-O 10. O-O-O Nxd4 11. Bxd4 b5 12. e5 dxe5 13. Bxe5 Qb6 14. Rd3 Bb7
15. Rg3 b4 16. Nd1 Kh8 17. Ne3 Qb5 18. Qxb5 axb5 19. Bxf6 gxf6 20. Rd1 Rad8 21.
Rxd8 Rxd8 22. Ng4 Bd6 23. Rd3 Bf4+ 24. Kd1 Rxd3+ 25. cxd3 Bxg2 26. Ke2 f5 27.
Ne3 Bh3 28. d4 Bxh2 29. d5 Bd6 30. dxe6 f4 31. e7 Bxe7 32. Nd5 Bd6 33. Kf3 Be6
34. Ke4 h5 35. Bd1 0-1

[Event "BL 0708 Solinger SG - SC Remagen"]
[Site "?"]
[Date "2008.04.06"]
[Round "13.4"]
[White "Naumann, Alexander"]
[Black "Popovic, Petar"]
[Result "1/2-1/2"]
[WhiteElo "2548"]
[BlackElo "2474"]
[PlyCount "41"]
[EventDate "2008.??.??"]

1. e4 c5 2. Nf3 d6 3. d4 cxd4 4. Nxd4 Nf6 5. Nc3 a6 6. Be2 e5 7. Nb3 Be7 8. Bg5
Be6 9. Bxf6 Bxf6 10. Qd3 Nc6 11. O-O-O Nd4 12. Nxd4 exd4 13. Nd5 Bxd5 14. exd5
O-O 15. Qf3 Re8 16. Bd3 Re5 17. Kb1 Qa5 18. g4 Rae8 19. h4 h6 20. Qh3 Re1 21.
a3 1/2-1/2

[Event "BL 0708 Solinger SG - SC Remagen"]
[Site "?"]
[Date "2008.04.06"]
[Round "13.5"]
[White "Mainka, Romuald"]
[Black "Werle, Jan"]
[Result "0-1"]
[WhiteElo "2496"]
[BlackElo "2568"]
[PlyCount "102"]
[EventDate "2008.??.??"]

1. e4 c5 2. Nf3 e6 3. d4 cxd4 4. Nxd4 a6 5. Bd3 Bc5 6. Nb3 Be7 7. Qg4 g6 8. Qe2
d6 9. O-O Nd7 10. Na3 Ne5 11. Nc4 Nxc4 12. Bxc4 Nf6 13. Bh6 Qc7 14. Bd3 b6 15.
c3 Bb7 16. Rae1 Nd7 17. f4 Rg8 18. e5 g5 19. f5 Nxe5 20. Nd4 exf5 21. Bxf5 g4
22. Qf2 Bd5 23. Qg3 Ra7 24. Bf4 Bf6 25. Be4 Bxe4 26. Rxe4 h5 27. Qe3 Qc5 28.
Kh1 Re7 29. Qe2 b5 30. Nf5 Re6 31. Nd4 Re7 32. Bg3 Rg6 33. Nf5 Re6 34. Rd1 Kf8
35. Bf2 Qc7 36. Be3 Kg8 37. Bf4 Bh8 38. Nd4 Re8 39. Nf5 Qd7 40. Nh4 Rge6 41.
Bg3 d5 42. Qf1 dxe4 43. Rxd7 Nxd7 44. Qf5 e3 45. Qg5+ Kf8 46. Qxh5 Bg7 47. Qxg4
e2 48. Be1 Ne5 49. Qg3 Rf6 50. Nf3 Nd3 51. h4 Nxe1 0-1

[Event "BL 0708 Solinger SG - SC Remagen"]
[Site "?"]
[Date "2008.04.06"]
[Round "13.6"]
[White "Hoffmann, Michael"]
[Black "Boidman, Yuri"]
[Result "1-0"]
[WhiteElo "2471"]
[BlackElo "2450"]
[PlyCount "71"]
[EventDate "2008.??.??"]

1. e4 c5 2. Nf3 a6 3. c3 d5 4. exd5 Qxd5 5. d4 e6 6. Be3 cxd4 7. cxd4 Nf6 8.
Nc3 Qd6 9. Bd3 Be7 10. O-O O-O 11. Rc1 Nbd7 12. Qc2 Nb6 13. Ne4 Nxe4 14. Bxe4
g6 15. h4 Nd5 16. Bh6 Rd8 17. h5 Bf8 18. Bg5 Rd7 19. Bxd5 Qxd5 20. hxg6 hxg6
21. Ne5 Rd6 22. Qc7 Bd7 23. Rc5 Rc8 24. Qxd7 Rxd7 25. Rxc8 Qxd4 26. Nxd7 Qxd7
27. Rd8 Qc7 28. Rc1 Qa5 29. Be7 Qxa2 30. Bxf8 Kh7 31. Ba3 b5 32. Rc7 Qb1+ 33.
Kh2 Qf5 34. Rdd7 Kh6 35. Bf8+ Kh5 36. Rxf7 1-0

[Event "BL 0708 Solinger SG - SC Remagen"]
[Site "?"]
[Date "2008.04.06"]
[Round "13.7"]
[White "Swinkels, Robin"]
[Black "Ragger, Markus"]
[Result "1/2-1/2"]
[WhiteElo "2433"]
[BlackElo "2528"]
[PlyCount "38"]
[EventDate "2008.??.??"]

1. e4 e5 2. Nf3 Nc6 3. Bb5 a6 4. Bxc6 dxc6 5. O-O Be6 6. Nxe5 Qd4 7. Nf3 Qxe4
8. Ng5 Qf5 9. Nxe6 fxe6 10. d3 O-O-O 11. Nc3 Nf6 12. Qe2 Bc5 13. Be3 Bd6 14.
Bd2 Rhe8 15. Rfe1 Bc5 16. Be3 Bd6 17. Bd2 Bc5 18. Be3 Bd6 19. Bd2 Bc5 1/2-1/2

[Event "BL 0708 Solinger SG - SC Remagen"]
[Site "?"]
[Date "2008.04.06"]
[Round "13.8"]
[White "Drabke, Lorenz Maximilian"]
[Black "Grund, Holger"]
[Result "1-0"]
[WhiteElo "2411"]
[BlackElo "2436"]
[PlyCount "121"]
[EventDate "2008.??.??"]

1. e4 c6 2. d4 d5 3. Nd2 dxe4 4. Nxe4 Bf5 5. Ng3 Bg6 6. h4 h6 7. Nf3 Nd7 8. h5
Bh7 9. Bd3 Bxd3 10. Qxd3 Ngf6 11. Bf4 Qa5+ 12. Bd2 Qc7 13. O-O-O e6 14. Ne4
O-O-O 15. g3 Nxe4 16. Qxe4 Nf6 17. Qe2 Bd6 18. Ne5 Kb8 19. Nc4 Ka8 20. Qf3 Qe7
21. a3 Rd7 22. Rhe1 Nd5 23. Qg4 Nf6 24. Qf3 Nd5 25. Qg4 Rg8 26. Nxd6 Qxd6 27.
Bxh6 Nf6 28. Qh4 Nxh5 29. Qxh5 gxh6 30. Qxh6 Qd5 31. Kb1 Qf5 32. Qe3 Rgd8 33.
Rd3 c5 34. Red1 Qg4 35. dxc5 Qxd1+ 36. Rxd1 Rxd1+ 37. Ka2 R1d5 38. b4 Rd2 39.
Kb3 a6 40. Qf3 f5 41. c6 R2d5 42. cxb7+ Kb8 43. Qe3 e5 44. Qb6 R8d6 45. Qe3
Kxb7 46. Qg5 e4 47. Ka4 a5 48. c4 Rd4 49. c5 Rd8 50. Kxa5 Kc7 51. Qe7+ R8d7 52.
Qe5+ Kd8 53. b5 R7d5 54. Qb8+ Ke7 55. c6 Rc4 56. c7 Rdc5 57. Qd8+ Ke6 58. Kb6
Ke5 59. Qe7+ Kd4 60. Qd6+ Rd5 61. Qc6 1-0

[Event "BL 0708 SV Wattenscheid - Godesberger S"]
[Site "?"]
[Date "2008.04.06"]
[Round "13.1"]
[White "Kasimdzhanov, Rustam"]
[Black "Macieja, Bartlomiej"]
[Result "1/2-1/2"]
[WhiteElo "2690"]
[BlackElo "2606"]
[PlyCount "120"]
[EventDate "2008.??.??"]

1. e4 c6 2. d4 d5 3. exd5 cxd5 4. c4 Nf6 5. Nc3 e6 6. Nf3 Bb4 7. cxd5 Nxd5 8.
Qc2 Nc6 9. Bd3 Ba5 10. a3 Nxc3 11. bxc3 Nxd4 12. Nxd4 Qxd4 13. Bb5+ Bd7 14. O-O
Qd5 15. c4 Qf5 16. Bxd7+ Kxd7 17. Qb3 b6 18. Rd1+ Ke7 19. a4 Rhd8 20. Ba3+ Kf6
21. Bd6 g5 22. Qb2+ Kg6 23. Ra3 e5 24. Rd5 f6 25. Rf3 Qe6 26. Qc2+ Kg7 27. Qe4
Rxd6 28. Rxd6 Qxd6 29. Rd3 Qxd3 30. Qxd3 Rf8 31. g3 Bb4 32. Qd5 Rf7 33. Kg2 Re7
34. a5 e4 35. a6 Bc5 36. h4 gxh4 37. gxh4 Re5 38. Qd7+ Re7 39. Qg4+ Kh6 40. Qf5
Kg7 41. h5 Bd4 42. Kf1 Bc5 43. Ke2 Bd4 44. Kd1 Bc5 45. Ke2 Bd4 46. Ke1 Bc5 47.
Kd1 Kh6 48. Kc2 Kg7 49. Kb3 e3 50. fxe3 Rxe3+ 51. Ka4 Ra3+ 52. Kb5 Ra5+ 53. Kc6
Rxa6 54. Kd5 Ra2 55. h6+ Kxh6 56. Ke6 Kg7 57. Qxf6+ Kg8 58. Qf7+ Kh8 59. Qf6+
Kg8 60. Qg5+ Kh8 1/2-1/2

[Event "BL 0708 SV Wattenscheid - Godesberger S"]
[Site "?"]
[Date "2008.04.06"]
[Round "13.2"]
[White "Johannessen, Leif Erlend"]
[Black "Lutz, Christopher"]
[Result "0-1"]
[WhiteElo "2536"]
[BlackElo "2588"]
[PlyCount "78"]
[EventDate "2008.??.??"]

1. d4 Nf6 2. c4 e6 3. Nc3 Bb4 4. Qc2 O-O 5. a3 Bxc3+ 6. Qxc3 b6 7. Nf3 Bb7 8.
Bg5 d6 9. Nd2 Nbd7 10. e3 h6 11. Bh4 Re8 12. f3 Rc8 13. Bd3 c5 14. O-O d5 15.
cxd5 cxd4 16. Qxd4 e5 17. Qb4 g5 18. Bf2 a5 19. Qd6 Bxd5 20. a4 Nc5 21. Qxd8
Rexd8 22. Bb5 Bc6 23. Nc4 Bxb5 24. axb5 Nb3 25. Ra4 Nd2 26. Nxd2 Rxd2 27. e4
Nd7 28. b3 Rcc2 29. Rc4 Rb2 30. Rc6 Kg7 31. g4 Rxb3 32. Bxb6 Nxb6 33. Rxb6 Rbb2
34. Ra1 Rg2+ 35. Kh1 Rxh2+ 36. Kg1 Rhg2+ 37. Kh1 Rh2+ 38. Kg1 Rhg2+ 39. Kh1
Rgf2 0-1

[Event "BL 0708 SV Wattenscheid - Godesberger S"]
[Site "?"]
[Date "2008.04.06"]
[Round "13.3"]
[White "Kveinys, Aloyzas"]
[Black "Bartel, Mateusz"]
[Result "1/2-1/2"]
[WhiteElo "2517"]
[BlackElo "2608"]
[PlyCount "110"]
[EventDate "2008.??.??"]

1. d4 Nf6 2. c4 g6 3. Nf3 Bg7 4. Nc3 d5 5. e3 O-O 6. b4 c6 7. Bb2 Be6 8. Ng5
Bf5 9. h3 h6 10. Nf3 Nbd7 11. c5 a5 12. b5 Ne4 13. Rc1 a4 14. Nxe4 dxe4 15. Nd2
e5 16. bxc6 bxc6 17. Nc4 Be6 18. dxe5 Nxc5 19. Ba3 Bxc4 20. Rxc4 Qxd1+ 21. Kxd1
Rfd8+ 22. Kc2 Nd3 23. Bxd3 exd3+ 24. Kd2 Bxe5 25. Rb1 Ra6 26. Bc5 Ra5 27. Bd4
Bxd4 28. exd4 Rad5 29. Rbb4 a3 30. Kxd3 c5 31. Ra4 Kg7 32. Rxa3 Rxd4+ 33. Rxd4
Rxd4+ 34. Kc2 Kf6 35. Ra5 Rc4+ 36. Kb3 Rc1 37. Kb2 Rc4 38. Ra3 Ke5 39. Re3+ Kd6
40. a3 h5 41. Rf3 Ke6 42. Rc3 Rf4 43. Rxc5 Rxf2+ 44. Rc2 Rf1 45. a4 g5 46. Kb3
Kd5 47. a5 Rb1+ 48. Rb2 Ra1 49. Rf2 f6 50. Kb2 Ra4 51. Rf3 h4 52. Kb3 Ra1 53.
Kb2 Ra4 54. Kb3 Ra1 55. Kb2 Ra4 1/2-1/2

[Event "BL 0708 SV Wattenscheid - Godesberger S"]
[Site "?"]
[Date "2008.04.06"]
[Round "13.4"]
[White "Czarnota, Pawel"]
[Black "Jenni, Florian"]
[Result "1/2-1/2"]
[WhiteElo "2554"]
[BlackElo "2511"]
[PlyCount "27"]
[EventDate "2008.??.??"]

1. e4 e5 2. Nf3 Nc6 3. Bb5 a6 4. Ba4 Nf6 5. O-O Be7 6. d3 b5 7. Bb3 O-O 8. Nc3
d6 9. h3 Na5 10. Bg5 Bb7 11. Re1 h6 12. Bd2 Nxb3 13. axb3 Nd7 14. d4 1/2-1/2

[Event "BL 0708 SV Wattenscheid - Godesberger S"]
[Site "?"]
[Date "2008.04.06"]
[Round "13.5"]
[White "Likavsky, Tomas"]
[Black "Appel, Ralf"]
[Result "1-0"]
[WhiteElo "2496"]
[BlackElo "2529"]
[PlyCount "97"]
[EventDate "2008.??.??"]

1. d4 Nf6 2. c4 d6 3. Nf3 Nbd7 4. Nc3 e5 5. e4 Be7 6. Be2 O-O 7. O-O c6 8. Rb1
Re8 9. b4 exd4 10. Nxd4 Bf8 11. f3 g6 12. Bg5 Bg7 13. Qd2 Qb6 14. Rfd1 Ne5 15.
Kh1 Nh5 16. b5 Qc7 17. Nb3 Bf8 18. Rbc1 Ng7 19. Bf1 Ne6 20. Be3 Qe7 21. Qf2 Qf6
22. Bxa7 h5 23. Be3 h4 24. h3 Nf4 25. Rc2 Be6 26. bxc6 bxc6 27. Qd2 Bh6 28. Ne2
Nxe2 29. Bxe2 Bxe3 30. Qxe3 d5 31. cxd5 cxd5 32. f4 Nc4 33. Bxc4 dxc4 34. Nc5
Bc8 35. e5 Qf5 36. Rdd2 g5 37. Rxc4 g4 38. hxg4 Qxg4 39. Ne4 Ra6 40. Qc3 Bb7
41. Nc5 Rb6 42. Nxb7 Rxb7 43. Kh2 Re6 44. Qh3 Qxh3+ 45. Kxh3 Rb1 46. Rd8+ Kg7
47. Rcc8 Kg6 48. Kg4 f5+ 49. Kxh4 1-0

[Event "BL 0708 SV Wattenscheid - Godesberger S"]
[Site "?"]
[Date "2008.04.06"]
[Round "13.6"]
[White "Holzke, Frank Dr"]
[Black "Jackelen, Thomas"]
[Result "1-0"]
[WhiteElo "2485"]
[BlackElo "2437"]
[PlyCount "57"]
[EventDate "2008.??.??"]

1. e4 e6 2. d4 d5 3. Nd2 dxe4 4. Nxe4 Nd7 5. Nf3 Ngf6 6. Bg5 h6 7. Nxf6+ Nxf6
8. Be3 Bd6 9. Bd3 Nd5 10. Bd2 Nf4 11. Bxf4 Bxf4 12. Qe2 Bd6 13. O-O-O Qf6 14.
Ne5 O-O 15. Qe4 Rd8 16. f4 Kf8 17. Kb1 Rb8 18. g4 Bd7 19. Rhf1 Be8 20. Qh7 Ke7
21. h4 Qxh4 22. Qxg7 Bxe5 23. dxe5 Rd4 24. g5 h5 25. Qf6+ Kf8 26. Qh8+ Ke7 27.
g6 fxg6 28. Bxg6 Rxf4 29. Qg7+ 1-0

[Event "BL 0708 SV Wattenscheid - Godesberger S"]
[Site "?"]
[Date "2008.04.06"]
[Round "13.7"]
[White "Seul, Georg"]
[Black "Handke, Florian"]
[Result "0-1"]
[WhiteElo "2450"]
[BlackElo "2497"]
[PlyCount "76"]
[EventDate "2008.??.??"]

1. e4 c5 2. Nf3 e6 3. d3 Nc6 4. g3 g6 5. Bg2 Bg7 6. c3 e5 7. Be3 d6 8. Qd2 Nge7
9. Bh6 O-O 10. Na3 f6 11. O-O Be6 12. Bxg7 Kxg7 13. d4 cxd4 14. cxd4 Bg4 15.
Nc2 Qb6 16. d5 Nd8 17. Ne3 Bd7 18. Nc4 Qa6 19. Rfc1 Rc8 20. Qb4 Nf7 21. Bf1 b5
22. Qa3 Qxa3 23. Nxa3 a6 24. Nd2 f5 25. f3 fxe4 26. fxe4 Ng8 27. Nc2 Nf6 28.
Nb4 Ng5 29. Nxa6 Nfxe4 30. Nxe4 Nxe4 31. Rc7 Rf7 32. Rxc8 Bxc8 33. Nb4 Ng5 34.
Rc1 Bg4 35. h4 Nf3+ 36. Kg2 Nd4 37. a3 Bf3+ 38. Kg1 Be4 0-1

[Event "BL 0708 SV Wattenscheid - Godesberger S"]
[Site "?"]
[Date "2008.04.06"]
[Round "13.8"]
[White "Dinstuhl, Volkmar Dr"]
[Black "Dranov, Alexander"]
[Result "1/2-1/2"]
[WhiteElo "2435"]
[BlackElo "2439"]
[PlyCount "62"]
[EventDate "2008.??.??"]

1. d4 d5 2. c4 c6 3. Nc3 Nf6 4. e3 g6 5. Nf3 Bg7 6. h3 O-O 7. Bd3 a6 8. O-O b5
9. cxd5 cxd5 10. Ne5 Nfd7 11. f4 Nxe5 12. dxe5 Nc6 13. e4 d4 14. Ne2 Bb7 15.
Bd2 Na5 16. b3 Qb6 17. Rc1 Rfc8 18. Kh1 e6 19. Qe1 Rxc1 20. Bxc1 Nc6 21. Qf2
Bf8 22. Bb2 Rd8 23. Rc1 Bb4 24. Rc2 Rd7 25. a3 Bf8 26. Nc1 Na5 27. b4 Nc6 28.
Nb3 Rd8 29. Nc5 Ba8 30. Rc1 a5 31. Qe1 Be7 1/2-1/2

[Event "BL 0708 SV Mülheim Nord - OSC Baden Bad"]
[Site "?"]
[Date "2008.04.06"]
[Round "13.1"]
[White "Bacrot, Etienne"]
[Black "Landa, Konstantin"]
[Result "1/2-1/2"]
[WhiteElo "2695"]
[BlackElo "2678"]
[PlyCount "48"]
[EventDate "2008.??.??"]

1. d4 Nf6 2. c4 e6 3. Nc3 Bb4 4. Nf3 c5 5. g3 cxd4 6. Nxd4 Ne4 7. Qd3 Qa5 8.
Nb3 Nxc3 9. Nxa5 Ne4+ 10. Bd2 Bxd2+ 11. Qxd2 Nxd2 12. Kxd2 Nc6 13. Nb3 b6 14.
e4 d6 15. Ke3 Ke7 16. Nd4 Nxd4 17. Kxd4 e5+ 18. Ke3 Be6 19. Be2 Rhc8 20. b3 a5
21. a4 g5 22. g4 Rg8 23. h4 h6 24. hxg5 hxg5 1/2-1/2

[Event "BL 0708 SV Mülheim Nord - OSC Baden Bad"]
[Site "?"]
[Date "2008.04.06"]
[Round "13.2"]
[White "Vachier-Lagrave, Maxime"]
[Black "Nisipeanu, Liviu-Dieter"]
[Result "1-0"]
[WhiteElo "2634"]
[BlackElo "2668"]
[PlyCount "89"]
[EventDate "2008.??.??"]

1. e4 e5 2. Nf3 Nc6 3. Bb5 Nf6 4. O-O Nxe4 5. d4 Nd6 6. Bxc6 dxc6 7. dxe5 Nf5
8. Qxd8+ Kxd8 9. Nc3 Bd7 10. h3 Kc8 11. g4 Ne7 12. Ng5 Be8 13. f4 h5 14. Kg2 c5
15. Be3 Nc6 16. Rad1 b6 17. e6 f6 18. Nge4 f5 19. gxf5 Ne7 20. f6 Nf5 21. Kf2
gxf6 22. Rd5 Ne7 23. Nxf6 Nxd5 24. Ncxd5 c6 25. Nxe8 cxd5 26. Nf6 d4 27. Bd2
Bd6 28. Re1 Kc7 29. e7 Rae8 30. Nxe8+ Rxe8 31. f5 Rxe7 32. Rxe7+ Bxe7 33. Kf3
Kc6 34. Ke4 Bf6 35. c3 b5 36. cxd4 Bxd4 37. b4 a6 38. bxc5 Kxc5 39. Bb4+ Kc4
40. Be7 b4 41. f6 a5 42. f7 Bg7 43. Kf5 a4 44. Kg6 b3 45. Kxg7 1-0

[Event "BL 0708 SV Mülheim Nord - OSC Baden Bad"]
[Site "?"]
[Date "2008.04.06"]
[Round "13.3"]
[White "Vallejo Pons, Francisco"]
[Black "Berelovich, Alexander"]
[Result "1-0"]
[WhiteElo "2660"]
[BlackElo "2595"]
[PlyCount "209"]
[EventDate "2008.??.??"]

1. e4 e6 2. d3 d5 3. Qe2 Nf6 4. Nf3 Be7 5. g3 dxe4 6. dxe4 O-O 7. Bg2 b5 8. O-O
b4 9. Rd1 Ba6 10. c4 bxc3 11. Rxd8 Bxe2 12. Rxf8+ Kxf8 13. Nxc3 Ba6 14. Bf4 Bb7
15. Nd4 Na6 16. Ndb5 Bc5 17. Na4 Bxe4 18. Nxc5 Nxc5 19. Nxc7 Rd8 20. Be3 Na4
21. b4 Rd7 22. Rc1 Bxg2 23. Kxg2 Ke7 24. Bxa7 Kd8 25. Nb5 e5 26. Bc5 Ne4 27.
Be3 Rb7 28. Na7 Kd7 29. Nc6 f6 30. a3 Nec3 31. Na5 Rc7 32. f4 e4 33. f5 Nb5 34.
Nc4 Ke7 35. g4 g6 36. h4 gxf5 37. gxf5 h5 38. Bf4 Rc8 39. Ne3 Rxc1 40. Nd5+ Kf7
41. Bxc1 Nd4 42. Kh3 Nxf5 43. Nf4 e3 44. Nxh5 e2 45. Bd2 Nb2 46. Nf4 Nd4 47.
Kg2 Nc4 48. Bc3 Ne3+ 49. Kg3 Ndf5+ 50. Kf3 Nc2 51. Kxe2 Nxa3 52. h5 Nb5 53. Kd3
Kg7 54. Nd5 Kh6 55. Nxf6 Kg5 56. Bb2 Ne7 57. Kc4 Nd6+ 58. Kc5 Nb7+ 59. Kb6 Nd6
60. Kc7 Nc4 61. Bc3 Na3 62. Kd7 Nf5 63. Ke6 Ng7+ 64. Kd5 Nf5 65. Bb2 Nb5 66.
Ke5 Ne7 67. Bc1+ Kh4 68. h6 Ng6+ 69. Kf5 Nf8 70. h7 Nd4+ 71. Ke4 Nxh7 72. Nxh7
Nc6 73. b5 Na7 74. b6 Nc8 75. Be3 Nxb6 76. Bxb6 Kg4 77. Be3 Kg3 78. Nf6 Kg2 79.
Kf4 Kh3 80. Kf3 Kh2 81. Ng4+ Kh1 82. Nf2+ Kh2 83. Bf4+ Kg1 84. Bg3 Kf1 85. Bh2
Ke1 86. Ne4 Kf1 87. Bf4 Kg1 88. Nf2 Kf1 89. Bh2 Ke1 90. Ne4 Kf1 91. Nd2+ Ke1
92. Ke3 Kd1 93. Kd3 Ke1 94. Bg3+ Kd1 95. Nf3 Kc1 96. Be1 Kd1 97. Bc3 Kc1 98.
Nd4 Kd1 99. Nf5 Kc1 100. Ne3 Kb1 101. Kc4 Kc1 102. Kb3 Kb1 103. Bd2 Ka1 104.
Nc2+ Kb1 105. Na3+ 1-0

[Event "BL 0708 SV Mülheim Nord - OSC Baden Bad"]
[Site "?"]
[Date "2008.04.06"]
[Round "13.4"]
[White "Malakhatko, Vadim"]
[Black "Naiditsch, Arkadij"]
[Result "1/2-1/2"]
[WhiteElo "2596"]
[BlackElo "2639"]
[PlyCount "82"]
[EventDate "2008.??.??"]

1. c4 Nf6 2. Nc3 e6 3. Nf3 d5 4. d4 dxc4 5. e4 Bb4 6. Bg5 c5 7. e5 cxd4 8. Qa4+
Nc6 9. O-O-O Bd7 10. Ne4 Be7 11. exf6 gxf6 12. Bh4 a6 13. Qxc4 e5 14. Nxe5 Nxe5
15. Qxd4 Qc7+ 16. Qc3 Rc8 17. Qxc7 Rxc7+ 18. Kb1 Bf5 19. f3 Rg8 20. Bg3 Rc6 21.
Bxe5 fxe5 22. g3 Be6 23. Bd3 f5 24. Nc3 Bb4 25. Rhe1 Bxc3 26. bxc3 Rc5 27. Bc2
Ke7 28. Kb2 h5 29. Re3 h4 30. f4 e4 31. Rd2 Rd5 32. Rxd5 Bxd5 33. c4 Be6 34. c5
hxg3 35. hxg3 Kd7 36. Ba4+ Kc7 37. a3 Rd8 38. g4 Rd2+ 39. Kc3 Ra2 40. Kd4 fxg4
41. Bb3 Bxb3 1/2-1/2

[Event "BL 0708 SV Mülheim Nord - OSC Baden Bad"]
[Site "?"]
[Date "2008.04.06"]
[Round "13.5"]
[White "Nielsen, Peter-Heine"]
[Black "Levin, Felix"]
[Result "1/2-1/2"]
[WhiteElo "2626"]
[BlackElo "2552"]
[PlyCount "80"]
[EventDate "2008.??.??"]

1. d4 d5 2. c4 c6 3. Nf3 Nf6 4. e3 e6 5. Nc3 a6 6. Qc2 c5 7. cxd5 exd5 8. Be2
Nc6 9. O-O cxd4 10. exd4 Be7 11. Ne5 O-O 12. Nxc6 bxc6 13. Na4 Qc7 14. Bg5 Ng4
15. Bxg4 Bxg5 16. Bxc8 Rfxc8 17. Nc5 a5 18. g3 Rcb8 19. Rad1 Bf6 20. Rfe1 g6
21. Qc3 Be7 22. Re2 Bxc5 23. Qxc5 Rb5 24. Qc1 Rab8 25. Rd3 Qd6 26. Rc3 R5b6 27.
Rec2 Qf6 28. Qd2 Rb4 29. Rxc6 Qxd4 30. Qxd4 Rxd4 31. Rc8+ Rxc8 32. Rxc8+ Kg7
33. Rc5 a4 34. Kf1 Rd2 35. Rb5 Kf6 36. Ke1 Rc2 37. Rb4 Ke5 38. Rxa4 Rxb2 39.
Ra7 f5 40. a4 Ra2 1/2-1/2

[Event "BL 0708 SV Mülheim Nord - OSC Baden Bad"]
[Site "?"]
[Date "2008.04.06"]
[Round "13.6"]
[White "Saltaev, Mihail"]
[Black "Dautov, Rustem"]
[Result "1/2-1/2"]
[WhiteElo "2511"]
[BlackElo "2590"]
[PlyCount "40"]
[EventDate "2008.??.??"]

1. e4 c6 2. d4 d5 3. Nd2 dxe4 4. Nxe4 Bf5 5. Ng3 Bg6 6. Nh3 e6 7. Nf4 Qc7 8. h4
Bd6 9. Nxg6 hxg6 10. Ne4 Bf4 11. g3 Bxc1 12. Qxc1 Ne7 13. Bg2 Nd7 14. Ng5 Nf5
15. c3 Nf6 16. Qc2 Qa5 17. O-O Qc7 18. Qe2 Qe7 19. Rfe1 Rd8 20. Rad1 Rf8
1/2-1/2

[Event "BL 0708 SV Mülheim Nord - OSC Baden Bad"]
[Site "?"]
[Date "2008.04.06"]
[Round "13.7"]
[White "Schlosser, Philipp"]
[Black "Hausrath, Daniel"]
[Result "1/2-1/2"]
[WhiteElo "2579"]
[BlackElo "2499"]
[PlyCount "90"]
[EventDate "2008.??.??"]

1. d4 Nf6 2. c4 c6 3. Nf3 d5 4. e3 g6 5. Nc3 Bg7 6. Be2 O-O 7. O-O a6 8. a4 b6
9. b4 Nbd7 10. Ba3 Bb7 11. Qb3 Re8 12. cxd5 cxd5 13. b5 a5 14. Rac1 e6 15. Rc2
Bf8 16. Rfc1 Bxa3 17. Qxa3 Qe7 18. Qxe7 Rxe7 19. Bd3 Ree8 20. Ne2 Rab8 21. h3
Rec8 22. Rc7 Rd8 23. Kf1 Ne8 24. R7c2 f6 25. Nd2 Rdc8 26. g4 Rxc2 27. Rxc2 Rc8
28. Rxc8 Bxc8 29. Nc3 Bb7 30. Ke2 Kf7 31. e4 dxe4 32. Bxe4 Bxe4 33. Ndxe4 Ke7
34. Kd3 Nc7 35. Nd2 Nd5 36. Nxd5+ exd5 37. f4 Nf8 38. h4 h6 39. Ke3 Ne6 40. f5
gxf5 41. gxf5 Ng7 42. Kf4 h5 43. Nf1 Kd7 44. Ng3 Ke7 45. Nf1 Kd7 1/2-1/2

[Event "BL 0708 SV Mülheim Nord - OSC Baden Bad"]
[Site "?"]
[Date "2008.04.06"]
[Round "13.8"]
[White "Schebler, Gerhard"]
[Black "Doettling, Fabian"]
[Result "1/2-1/2"]
[WhiteElo "2458"]
[BlackElo "2541"]
[PlyCount "46"]
[EventDate "2008.??.??"]

1. e4 e5 2. Nf3 Nf6 3. Nc3 Nc6 4. d4 exd4 5. Nxd4 Bb4 6. Nxc6 bxc6 7. Bd3 d5 8.
exd5 cxd5 9. O-O O-O 10. Bg5 c6 11. Qf3 Bd6 12. Rae1 h6 13. Bxf6 Qxf6 14. Qxf6
gxf6 15. Nd1 Be6 16. Ne3 Rab8 17. b3 Bb4 18. Re2 Rfe8 19. Rd1 Re7 20. h3 Rbe8
21. Nf5 Bxf5 22. Rxe7 Rxe7 23. Bxf5 Kf8 1/2-1/2

[Event "BL 0708 SF Katernberg - SG Turm Trier"]
[Site "?"]
[Date "2008.04.06"]
[Round "13.1"]
[White "Kotronias, Vasilios"]
[Black "Glek, Igor V"]
[Result "1/2-1/2"]
[WhiteElo "2614"]
[BlackElo "2543"]
[PlyCount "91"]
[EventDate "2008.??.??"]

1. e4 e6 2. d4 d5 3. e5 c5 4. c3 Nc6 5. Nf3 Nh6 6. Bxh6 gxh6 7. Be2 Bg7 8. O-O
O-O 9. dxc5 Nxe5 10. Nxe5 Bxe5 11. Na3 Qc7 12. b4 Bd7 13. Nb5 Bxb5 14. Bxb5
Bxh2+ 15. Kh1 Be5 16. Qd3 Kh8 17. Rae1 Rg8 18. Qe3 Bf6 19. Qf3 Qe7 20. Re3 Rg5
21. Rd1 Rag8 22. g3 h5 23. c4 d4 24. Re4 Rg4 25. Rxg4 hxg4 26. Qe4 Rg5 27. Kg2
Bg7 28. a3 f5 29. Qe2 Qf6 30. Bd7 e5 31. b5 e4 32. c6 bxc6 33. bxc6 Qd6 34. Qd2
f4 35. Qxf4 Qxf4 36. gxf4 Rc5 37. Rb1 Bf8 38. Rb7 Bd6 39. f5 Kg7 40. Be6+ Kf6
41. Rxh7 d3 42. Rh6+ Ke5 43. Bd5 d2 44. Re6+ Kxf5 45. Rxd6 Ke5 46. Re6+ 1/2-1/2

[Event "BL 0708 SF Katernberg - SG Turm Trier"]
[Site "?"]
[Date "2008.04.06"]
[Round "13.2"]
[White "Halkias, Stelios"]
[Black "Galyas, Miklos"]
[Result "1/2-1/2"]
[WhiteElo "2590"]
[BlackElo "2433"]
[PlyCount "77"]
[EventDate "2008.??.??"]

1. d4 Nf6 2. c4 g6 3. Nc3 Bg7 4. e4 d6 5. Nf3 O-O 6. Be2 e5 7. Be3 Na6 8. O-O
Ng4 9. Bg5 Qe8 10. dxe5 dxe5 11. Qc1 c6 12. Rd1 f6 13. Bd2 f5 14. h3 Nf6 15.
exf5 gxf5 16. Bh6 f4 17. Bxg7 Kxg7 18. Re1 Qh5 19. Bd3 Re8 20. Ne4 Bxh3 21.
Nxf6 Kxf6 22. Rxe5 Rxe5 23. Qxf4+ Rf5 24. Bxf5 Bxf5 25. Re1 Rf8 26. Nh4 Kg7 27.
Re7+ Kg8 28. Qe5 Qd1+ 29. Kh2 Qg4 30. g3 Be4 31. f4 Bd3 32. f5 Bxc4 33. Ng6
Qh5+ 34. Kg1 Qd1+ 35. Kh2 Qh5+ 36. Kg1 Qd1+ 37. Kh2 Qd2+ 38. Kg1 Qc1+ 39. Kh2
1/2-1/2

[Event "BL 0708 SF Katernberg - SG Turm Trier"]
[Site "?"]
[Date "2008.04.06"]
[Round "13.3"]
[White "Seger, Ruediger"]
[Black "Chuchelov, Vladimir"]
[Result "0-1"]
[WhiteElo "2395"]
[BlackElo "2544"]
[PlyCount "94"]
[EventDate "2008.??.??"]

1. e4 c5 2. c3 d5 3. exd5 Qxd5 4. d4 e6 5. Nf3 Nf6 6. Na3 Qd8 7. Nc2 Be7 8. Bd3
O-O 9. O-O Nc6 10. Re1 Qc7 11. Bg5 b6 12. Qe2 Bb7 13. Rad1 Rad8 14. dxc5 bxc5
15. Ne3 Nh5 16. Qc2 h6 17. Bxe7 Nxe7 18. Bh7+ Kh8 19. Be4 Nd5 20. Nd2 Nhf6 21.
Nxd5 exd5 22. Bf3 Bc8 23. Nf1 Be6 24. Ne3 Qf4 25. b3 g5 26. Be2 d4 27. cxd4
cxd4 28. Nc4 Ne4 29. Bd3 Nc3 30. Ra1 Rfe8 31. Re5 Bd5 32. Rae1 Rxe5 33. Nxe5
Kg7 34. Bf1 Be4 35. Nd3 Qf6 36. Qb2 Rd6 37. Nc5 Bf5 38. b4 d3 39. Qd2 Qd4 40.
Rc1 Ne4 41. Nxe4 Bxe4 42. a3 Bf5 43. g3 Re6 44. Rc5 Bg6 45. Rc3 Re1 46. Rc6 Rb1
47. Rc3 Rd1 0-1